[Event "Mittelfranken-chTB2a 1819"]
[Site "Mittelfranken"]
[Date "2019.02.10"]
[Round "5.7"]
[White "Ries, Andreas"]
[Black "Mueller, Norbert"]
[Result "0-1"]
[WhiteElo "1446"]
[BlackElo "1872"]
[PlyCount "80"]
[EventDate "2018.10.14"]
[EventType "team-tourn"]
[EventRounds "9"]
[EventCountry "GER"]
[SourceTitle "EXT 2022"]
[Source "ChessBase"]
[SourceDate "2021.10.06"]
[SourceVersion "1"]
[SourceVersionDate "2021.10.06"]
[SourceQuality "1"]
[WhiteTeam "Dinkelsbuehl"]
[BlackTeam "Ansbach/Bad Windsheim"]
[WhiteTeamCountry "GER"]
[BlackTeamCountry "GER"]

1. f4 d5 2. Nf3 c5 3. g3 Nc6 4. Bg2 Bg4 5. 0-0 Nf6 6. c3 e6 7. Ne5 Nxe5 8. fxe5 Nd7 9. d4 Qb6 10. Rf4 Bf5 11. Rh4 Bg6 12. Nd2 cxd4 13. cxd4 Nxe5 14. Qa4+ Nc6 15. Nf3 Be7 16. Rf4 0-0 17. e3 Rac8 18. Qb3 Qxb3 19. axb3 a6 20. Bd2 Bd6 21. Ne5 Nxe5 22. dxe5 Bxe5 23. Rb4 Bxb2 24. Ra2 Rc2 25. Be1 Re2 26. Bf1 Rxe1 27. Rxb2 Bd3 28. Rf2 b5 29. Rd4 Bxf1 30. Rxf1 Rxf1+ 31. Kxf1 Rc8 32. Rd3 a5 33. Kg2 Kf8 34. h4 Ke7 35. Kf3 b4 36. Kf4 Rc3 37. Rd4 Rxb3 38. e4 dxe4 39. Kxe4 a4 40. Rc4 Rxg3 0-1

[Event "Mittelfranken-chTB2a 1819"]
[Site "Mittelfranken"]
[Date "2018.10.14"]
[Round "1.7"]
[White "Ries, Andreas"]
[Black "Wieczorek, Heinz"]
[Result "0-1"]
[WhiteElo "1446"]
[BlackElo "1673"]
[PlyCount "50"]
[EventDate "2018.10.14"]
[EventType "team-tourn"]
[EventRounds "9"]
[EventCountry "GER"]
[SourceTitle "EXT 2022"]
[Source "ChessBase"]
[SourceDate "2021.10.06"]
[SourceVersion "1"]
[SourceVersionDate "2021.10.06"]
[SourceQuality "1"]
[WhiteTeam "Dinkelsbuehl"]
[BlackTeam "Nuernberg Sued SW IV"]
[WhiteTeamCountry "GER"]
[BlackTeamCountry "GER"]

1. e4 e5 2. Bc4 Bc5 3. Nf3 Nc6 4. 0-0 Nf6 5. d3 d6 6. h3 h6 7. Be3 Bb6 8. Nc3 0-0 9. Nd5 Nxd5 10. Bxd5 Ne7 11. Bb3 Ng6 12. Bxb6 axb6 13. c3 Nf4 14. d4 Qe7 15. Qc2 Qf6 16. dxe5 dxe5 17. Kh2 Nxh3 18. Qe2 Nf4 19. Qe3 Be6 20. Bxe6 Qxe6 21. Nh4 Rad8 22. Rfd1 Rxd1 23. Rxd1 Qg4 24. Qg3 Qxd1 25. Nf5 Ng6 0-1

[Event "Mittelfranken-chTB2a 1314"]
[Site "Mittelfranken"]
[Date "2014.01.12"]
[Round "4.8"]
[White "Ries, Andreas"]
[Black "Faralisz, Patrick"]
[Result "0-1"]
[WhiteElo "1486"]
[BlackElo "1893"]
[PlyCount "48"]
[EventDate "2013.10.20"]
[EventType "team-tourn"]
[EventRounds "9"]
[EventCountry "GER"]
[SourceTitle "EXT 2020"]
[Source "ChessBase"]
[SourceDate "2019.10.17"]
[SourceVersion "1"]
[SourceVersionDate "2019.10.17"]
[SourceQuality "1"]
[WhiteTeam "Dinkelsbuehl Wassertruedingen"]
[BlackTeam "Nuernberg NT V"]
[WhiteTeamCountry "GER"]
[BlackTeamCountry "GER"]

1. e4 c5 2. Bc4 e6 3. Nc3 a6 4. a4 Qc7 5. Nf3 Nf6 6. h3 d6 7. 0-0 Be7 8. d4 cxd4 9. Qxd4 Nbd7 10. Be3 b6 11. Bb3 Bb7 12. Rfd1 0-0 13. Nd2 Nc5 14. Qc4 Qc6 15. f3 d5 16. exd5 Nxd5 17. Nxd5 exd5 18. Qg4 Bf6 19. c3 Rae8 20. Re1 Nd3 21. Re2 Nxb2 22. Rc1 Bc8 23. Qh5 Re5 24. Bg5 Rxg5 0-1

[Event "Mittelfranken-chTB2a 1314"]
[Site "Mittelfranken"]
[Date "2013.10.20"]
[Round "1.8"]
[White "Denninger, David"]
[Black "Ries, Andreas"]
[Result "0-1"]
[WhiteElo "1533"]
[BlackElo "1486"]
[PlyCount "82"]
[EventDate "2013.10.20"]
[EventType "team-tourn"]
[EventRounds "9"]
[EventCountry "GER"]
[SourceTitle "EXT 2020"]
[Source "ChessBase"]
[SourceDate "2019.10.17"]
[SourceVersion "1"]
[SourceVersionDate "2019.10.17"]
[SourceQuality "1"]
[WhiteTeam "Cadolzburg"]
[BlackTeam "Dinkelsbuehl Wassertruedingen"]
[WhiteTeamCountry "GER"]
[BlackTeamCountry "GER"]

1. e4 b6 2. Nf3 Bb7 3. Nc3 d5 4. exd5 Bxd5 5. Bb5+ c6 6. Ba4 Nf6 7. d3 e6 8. Bf4 Nbd7 9. Nxd5 Nxd5 10. Bg3 b5 11. Bb3 Be7 12. 0-0 0-0 13. Ne5 Nxe5 14. Bxe5 Bf6 15. Bxd5 cxd5 16. f4 Qb6+ 17. Kh1 Be7 18. Qg4 f6 19. Bc3 b4 20. Bd2 f5 21. Qg3 Rf6 22. Be3 d4 23. Bd2 Rc8 24. c3 bxc3 25. bxc3 dxc3 26. Rfc1 Qb2 27. Be3 c2 28. Qf2 Ba3 29. Bd4 Qxa1 30. Bxa1 Bxc1 31. Bxf6 Ba3 32. h3 c1Q+ 33. Kh2 gxf6 34. Qg3+ Kf7 35. Qh4 Rh8 36. Qh5+ Kg7 37. Qf3 Bd6 38. g3 Qc2+ 39. Kh1 Rb8 40. Qf1 Rb1 41. Qxb1 Qxb1+ 0-1